| 000 | 00665nam a22001937a 4500 | ||
|---|---|---|---|
| 005 | 20180831102630.0 | ||
| 010 | _aENG-123940 | ||
| 020 |
_a9780199484218 _c895.00 |
||
| 035 | _aEN-107472 | ||
| 037 | _bDBAD/PUB | ||
| 082 | _a324.6230954 | ||
| 100 | _aMukherjee, Sumita | ||
| 245 |
_aIndian suffragettes: _cby Sumita Mukherjee _bfemale identities and transnational netwroks / |
||
| 260 |
_c2018 _aNew Delhi _bOxford University Press |
||
| 270 |
_aYMCA Library Building, 1 Jai Singh Road, _bNew Delhi _e110001 |
||
| 300 |
_c22cm(Hb) _axvi,292p. |
||
| 500 | _aIt include appendix, bibliography and index | ||
| 942 |
_cEN _2ddc _mMUK _h324.6230954 |
||
| 999 |
_c156742 _d156742 |
||